|
|
|
|
| LEADER |
00978nam a2200241 a 4500 |
| 001 |
4245757 |
| 008 |
090512s1982 enka b 000 0 eng d |
| 010 |
|
|
|a 83120823
|
| 020 |
|
|
|a 0855980648 (pbk.)
|
| 040 |
|
|
|a DLC
|c DLC
|d DLC
|d OCoLC
|
| 082 |
0 |
0 |
|a 632/.95042
|2 19
|
| 100 |
1 |
|
|a Bull, David.
|
| 245 |
1 |
2 |
|a A growing problem :
|b pesticides and the Third World poor/
|c by David Bull.
|
| 260 |
|
|
|a Oxford :
|b OXFAM ;
|a Birmingham, U.K. :
|b Supplier, Third World Publications,
|c 1982.
|
| 300 |
|
|
|a 192 p. :
|b ill. ;
|c 22 cm.
|
| 500 |
|
|
|a Distributor from label mounted on p. 4 of cover.
|
| 504 |
|
|
|a Includes bibliographical references.
|
| 541 |
1 |
|
|e 00000726
|
| 650 |
|
0 |
|a Pesticides
|z Developing countries.
|
| 650 |
|
0 |
|a Poor
|z Developing countries.
|
| 852 |
4 |
|
|a <add your library>
|j <shelf mark>
|
| 999 |
|
|
|c 610
|d 610
|
| 952 |
|
|
|0 0
|1 0
|2 ddc
|4 0
|6 632_950420000000000_BUL_1982
|7 0
|9 560
|a BRACUL
|b BRACUL
|c GEN
|d 2009-05-12
|g 560.00
|l 0
|o 632.95042 BUL
|p 3010000726
|r 2009-05-12
|t 1
|v 1120.00
|w 2009-05-12
|y BK
|